Ecología y sociedad : (Registro nro. 18194)
[ vista simple ]
| 000 -CABECERA | |
|---|---|
| Campo de control | 00687nam a2200217 a 4500 |
| 005 - FECHA Y HORA DE LA ULTIMA TRANSACCION | |
| Campo de control | 20180803170228.0 |
| 008 - ELEMENTOS DE LONGITUD FIJA—INFORMACION GENERAL | |
| Campo de control | 881128s1988 ck r 00010 spa d |
| 020 ## - ISBN | |
| ISBN | 9586012050 |
| 040 ## - FUENTE DE CATALOGACIÓN | |
| Agencia catalogadora original | CO-BoBLA |
| Agencia transcriptora | CO-BoBLA |
| Agencia Modificadora | CO.BoIAVH |
| 041 0# - IDIOMA | |
| Código de idioma para texto/pista de sonido o título separado | Español |
| 044 ## - PAÍS DE PUBLICACIÓN | |
| País de publicación | Colombia |
| 082 04 - NUMERO DE CLASIFICACION DECIMAL DEWEY | |
| Número de clasificación | 577 |
| Número del ítem | P29e1 |
| 100 1# - ASIENTO PRINCIPAL--NOMBRE PERSONAL | |
| Nombre personal | Patño, Hernando, |
| Fechas asociadas con el nombre | 1939-1986. |
| 9 (RLIN) | 63874 |
| 245 10 - MENCION DE TITULO | |
| Título | Ecología y sociedad : |
| Parte restante del título | y otros escritos / |
| Mención de responsabilidad | Hernando Patiño. |
| 260 ## - PUBLICACION, DISTRIBUCION, ETC. (PIE DE IMPRENTA) | |
| Lugar de publicación, distribución, etc. | Bogotá : |
| Nombre del editor, distribuidor, etc. | Tercer Mundo Editores, |
| Fecha de publicación, distribución, etc. | 1988. |
| 300 ## - DESCRIPCION FISICA | |
| Extensión | 191 páginas ; |
| Dimensiones | 21 x 14 centímetros |
| 650 #6 - ASIENTO SECUNDARIO DE MATERIA - TERMINO TEMATICO | |
| Término temático o nombre geográfico como elemento de entrada | Ecología. |
| 9 (RLIN) | 92250 |
| 650 #6 - ASIENTO SECUNDARIO DE MATERIA - TERMINO TEMATICO | |
| Término temático o nombre geográfico como elemento de entrada | Ecología |
| Subdivisión general | población |
| 9 (RLIN) | 63876 |
| 650 #6 - ASIENTO SECUNDARIO DE MATERIA - TERMINO TEMATICO | |
| Término temático o nombre geográfico como elemento de entrada | Protección ambiental |
| Subdivisión geográfica | Colombia. |
| 9 (RLIN) | 63877 |
| 942 ## - ELEMENTOS ADICIONALES (KOHA) | |
| Sistema de clasificación | Dewey Decimal Classification |
| Tipo de ítem | Libro |
| Withdrawn status | Lost status | Sistema de Clasificación | Damaged status | No para préstamo | Colección | Inventariado | Ubicación Permanente | Ubicación actual | Fecha de adquisición | Fuente de Valor | Valor | Total Checkouts | Número topográfico | Inventario / Código de Barras | Date last seen | Ejemplar | Price effective from | Forma de adquisición | Tipo de material |
|---|---|---|---|---|---|---|---|---|---|---|---|---|---|---|---|---|---|---|---|
| Dewey Decimal Classification | Humboldt | Inventariado 2017 | Bogotá | Bogotá | 03/03/2016 | Instituto | 50000.00 | LB-577 P29e1 | 039849 | 03/03/2016 | Ej. 1 | 03/03/2016 | Libro |